Catálogo
 En Linea

Revista universal : (Registro nro. 60376)

Detalles MARC
000 -CABECERA
campo de control de longitud fija 01015nas a2200265 i 4500
003 - IDENTIFICADOR DEL NÚMERO DE CONTROL
campo de control DO-SdBNP
005 - FECHA Y HORA DE LA ÚLTIMA TRANSACCIÓN
campo de control 20260219140011.0
007 - CAMPO FIJO DE DESCRIPCIÓN FÍSICA--INFORMACIÓN GENERAL
campo de control de longitud fija ta
008 - DATOS DE LONGITUD FIJA--INFORMACIÓN GENERAL
campo de control de longitud fija 260219e1925 dr wn|p|r||||||0| | spa d
040 ## - FUENTE DE LA CATALOGACIÓN
Centro catalogador/agencia de origen DO-SdBNP
Lengua de catalogación spa
Centro/agencia transcriptor BNPHU
Normas de descripción rda
041 ## - CÓDIGO DE LENGUA
Código de lengua del texto/banda sonora o título independiente spa
110 ## - ENTRADA PRINCIPAL--NOMBRE DE ENTIDAD CORPORATIVA
Nombre de entidad corporativa o nombre de jurisdicción como elemento de entrada Listín Diario (República Dominicana)
9 (RLIN) 53034
245 ## - MENCIÓN DE TÍTULO
Título Revista universal :
Resto del título suplemento semanal /
Mención de responsabilidad, etc. Listín Diario.
264 ## - PRODUCCIÓN, PUBLICACIÓN, DISTRIBUCIÓN, FABRICACIÓN Y COPYRIGHT
Producción, publicación, distribución, fabricación y copyright Santo Domingo, República Dominicana :
Nombre del de productor, editor, distribuidor, fabricante Listín Diario,
Fecha de producción, publicación, distribución, fabricación o copyright 1925.
300 ## - DESCRIPCIÓN FÍSICA
Extensión volumen :
Otras características físicas ilustraciones ;
Dimensiones 35 cm.
310 ## - PERIODICIDAD ACTUAL
Periodicidad actual Semanal.
336 ## - TIPO DE CONTENIDO
Término de tipo de contenido texto
Código de tipo de contenido txt
Fuente rdacontent
337 ## - TIPO DE MEDIO
Nombre/término del tipo de medio sin mediación
Código del tipo de medio n
Fuente rdamedia
338 ## - TIPO DE SOPORTE
Nombre/término del tipo de soporte volumen
Código del tipo de soporte nc
Fuente rdacarrier
362 ## - FECHAS DE PUBLICACIÓN Y/O DESIGNACIÓN SECUENCIAL
Fecha de publicación y/o designación secuencial Año 36. Número 10. Volumen 707, enero 1925.
500 ## - NOTA GENERAL
Nota general Catalogación basada en el: Año 36. Número 10. Volumen 707, enero 1925.
500 ## - NOTA GENERAL
Nota general Este es un suplemento que está acompañado con algunos años del Listín Diario.
650 #0 - PUNTO DE ACCESO ADICIONAL DE MATERIA--TÉRMINO DE MATERIA
Término de materia o nombre geográfico como elemento de entrada Comunicados de prensa
Subdivisión de forma Suplemento
9 (RLIN) 89063
Subdivisión geográfica República Dominicana
942 ## - ELEMENTOS DE PUNTO DE ACCESO ADICIONAL (KOHA)
Fuente del sistema de clasificación o colocación Dewey Decimal Classification
Tipo de ítem Koha Publicación periódica
Existencias
Estado de retiro Estado de pérdida Fuente del sistema de clasificación o colocación Estado dañado Restricciones de uso No para préstamo Código de colección Localización permanente Ubicación/localización actual Fecha de adquisición Enumeración/cronología de publicación seriada Total de préstamos Código de barras Fecha visto por última vez Número de copia Precio válido a partir de Tipo de ítem Koha
    Dewey Decimal Classification   Préstamo especial   Hemeroteca Biblioteca Nacional Pedro Henríquez Ureña Biblioteca Nacional Pedro Henríquez Ureña 19.02.2026 Año 36. Número 10. Volumen 707, enero 1925   2026-1440 19.02.2026 e.1 19.02.2026 Publicación periódica
    Dewey Decimal Classification   Préstamo especial   Hemeroteca Biblioteca Nacional Pedro Henríquez Ureña Biblioteca Nacional Pedro Henríquez Ureña 19.02.2026 Año 36. Número 10. Volumen 707, enero 1925   2026-1445 19.02.2026 e.2 19.02.2026 Publicación periódica
    Dewey Decimal Classification   Préstamo especial   Hemeroteca Biblioteca Nacional Pedro Henríquez Ureña Biblioteca Nacional Pedro Henríquez Ureña 19.02.2026 Año 36. Número 10. Volumen 707, enero 1925   2026-1441 19.02.2026 e.3 19.02.2026 Publicación periódica
    Dewey Decimal Classification   Préstamo especial   Hemeroteca Biblioteca Nacional Pedro Henríquez Ureña Biblioteca Nacional Pedro Henríquez Ureña 19.02.2026 Año 36. Número 10. Volumen 707, enero 1925   2026-1443 19.02.2026 e.4 19.02.2026 Publicación periódica
    Dewey Decimal Classification   Préstamo especial   Hemeroteca Biblioteca Nacional Pedro Henríquez Ureña Biblioteca Nacional Pedro Henríquez Ureña 19.02.2026 Año 36. Número 10. Volumen 707, enero 1925   2026-1444 19.02.2026 e.5 19.02.2026 Publicación periódica

Con tecnología Koha